Central Library OPAC University of Rajshahi
Normal view MARC view

Entry Topical Term

Number of records used in: 2

001 - CONTROL NUMBER

  • control field: 9204

003 - CONTROL NUMBER IDENTIFIER

  • control field: BD-RjUL

005 - DATE AND TIME OF LATEST TRANSACTION

  • control field: 20230925154402.0

008 - FIXED-LENGTH DATA ELEMENTS

  • fixed length control field: 230925|| aca||aabn | a|a d

040 ## - CATALOGING SOURCE

  • Original cataloging agency: BD-RjUL
  • Transcribing agency: BD-RjUL

150 ## - HEADING--TOPICAL TERM

  • Topical term or geographic name entry element: Structure Activity
  • Form subdivision: Metabolism

670 ## - SOURCE DATA FOUND

  • Source citation: Work cat.: (BD-RjUL)81992: Khatun, Mst. Marzina 9203, Effect of Methoxy and Lipohilic Prenyl Substituents on Structure Activity Relationship of Some Synthesized Hydroxychalcones :, 2015